Tây nguyên trên đường phát triển /
Đã lưu trong:
| 其他作者: | , , |
|---|---|
| 格式: | Sách giấy |
| 語言: | Vietnamese |
| 出版: |
H. :
Khoa học Xã hội,
1989
|
| 標簽: |
添加標簽
沒有標簽, 成為第一個標記此記錄!
|
| Thư viện lưu trữ: | Thư viện Trường Đại học Đà Lạt |
|---|
| LEADER | 00679nam a2200265 4500 | ||
|---|---|---|---|
| 001 | DLU020019744 | ||
| 005 | ##3/11/2002 | ||
| 020 | # | # | |a 978- |
| 041 | # | # | |a vie |
| 082 | # | # | |a 330.959 7 |b Tay |
| 245 | # | # | |a Tây nguyên trên đường phát triển / |c Phạm Như Cương, Nguyễn Xuân Du, Nguyễn An Vinh |
| 260 | # | # | |a H. : |b Khoa học Xã hội, |c 1989 |
| 300 | # | # | |a 520 tr.; |c 20 cm. |
| 700 | # | # | |a Nguyễn An Vinh |
| 700 | # | # | |a Nguyễn Xuân Du |
| 700 | # | # | |a Phạm Như Cương |
| 992 | # | # | |a 36300 |
| 994 | # | # | |a DLU |
| 900 | # | # | |a False |
| 911 | # | # | |a Administrator |
| 925 | # | # | |a G |
| 926 | # | # | |a A |
| 927 | # | # | |a SH |
| 980 | # | # | |a Thư viện Trường Đại học Đà Lạt |